000 00485nam a2200181Ia 4500
001 18011
005 20260306171559.0
008 260306s9999||||xx |||||||||||||| ||und||
041 _aESP
082 _a658.3124
_bF75
100 _aBlanco Belda, Javier
_eAUT
245 0 _aFormación de directivos:
_bevolución y nuevos retos de los modelos formativos
260 _c2010
300 _axvii, 274 páginas :
_c24 cm.
650 _aGEN
654 _aCAN
942 _cLIB
_dJUS
_fJUS
_2ddc
_n
999 _c18011
_d18011